Příklad dobré praxe v e-learningu – Virtuální univerzita pro veřejnou správu

Rozvoj e-learningového vzdelávania na webe, takzvaný Web-based Training (WBT). E-kurzy zamerané na oblasť priebežného vzdelávania úradníkov verejnej správy v Českej republike. Vhodné formy výučby aplikované do elektronickej platformy. Efektívne využívanie informačných a komunikačných technológií v p...

Ausführliche Beschreibung

Gespeichert in:
Bibliographische Detailangaben
1. Verfasser: Stejskal, Jan
Format: Buchkapitel
Sprache:Tschechisch
Schlagworte:
Tags: Tag hinzufügen
Keine Tags, Fügen Sie das erste Tag hinzu!

MARC

LEADER 00000nla$a2200000$$$4500
001 0113488
005 20220719113115.9
041 0 |a cze 
044 |a SK 
245 1 0 |a Příklad dobré praxe v e-learningu – Virtuální univerzita pro veřejnou správu  |c Jan Stejskal 
520 |a Rozvoj e-learningového vzdelávania na webe, takzvaný Web-based Training (WBT). E-kurzy zamerané na oblasť priebežného vzdelávania úradníkov verejnej správy v Českej republike. Vhodné formy výučby aplikované do elektronickej platformy. Efektívne využívanie informačných a komunikačných technológií v procese vzdelávania. Skúsenosti z uskutočnených kurzov. 
610 2 0 |a Česko 
610 2 0 |a vzdelávanie ďalšie 
610 2 0 |a vzdelávanie celoživotné 
610 2 0 |a vzdelávanie elektronické 
610 2 0 |a technológie informačné 
610 2 0 |a technológie komunikačné 
610 2 0 |a kurzy 
610 2 0 |a zvyšovanie kvalifikácie 
610 2 0 |a správa verejná 
100 1 |a Stejskal, Jan